00290nam a2200097Ia 4500008004000000082001500040100002100055245006800076260004000144300000800184210210b2006 xxu||||| |||| 00| 0 eng d a519.5 RAJB aRAJ (Dorai S N). aBusiness statistics and mathematics II: for I BCom II semester. aMangalorebUnited Publishersc2006 a342